01538cam a22003974a 45000010005000000030006000050050017000110080041000280100017000690200015000860200022001010200018001230400023001410420009001640430012001730500023001850820014002081000022002222450095002442600035003393000040003744400015004145050007004295200217004365210018006535210018006716500022006896510048007116510073007596510039008326510064008719060045009359420015009809990015009959520130010102257FISKH20231114083156.0011123s2002 nyua j 000 1 eng  a 2001058536 a0439388988 a0439272068 (pbk.) a9780439272063 aDLCcDLCdDLCbeng alcac an-us-va00aPZ7.H4317bSe 200200a973.32211 aHermes, Patricia.10aSeason of promise /cby Patricia Hermes.bElizabeth's Jamestown Colony Diary ; Book Three  aNew York :bScholastic,c2002. a108 pages :billustrations ;c20 cm 0aMy America aJ  aIn 1611, ten-year-old Elizabeth continues a journal of her experiences living in Jamestown, as her brother Caleb rejoins the family, a new strict governor comes to the colony, and her father considers remarriage.8 a490 bLexile 8 aJ bRaz-Plus  1aDiariesvFiction. 0aJamestown (Va.)xHistoryvJuvenile fiction. 0aVirginiaxHistoryyColonial period, ca. 1600-1775vJuvenile fiction. 1aJamestown (Va.)xHistoryvFiction. 1aVirginiaxHistoryyColonial period, ca. 1600-1775vFiction. a7bcbccorignewd1eocipf20gy-gencatlg 2ddccBKn0 c2257d2257 00102ddc40708JUVFa001b001cTK Blued2023-11-14l0oHER 973.3 PZ7.H4317pFISTK00441r2023-11-14 08:31:53w2023-11-14yBK